Introducción al derecho : teoría general, argumentación, razonamiento jurídico /
Contenido: I. El derecho: La experiencia del hecho jurídico; El hombre como protagonista de la vida jurídica; El concepto de derecho; La definición de derecho; 2. La universidad y la enseñanza del derecho: La universidad; Creación de las primeras universidades; La enseñanza del derecho; Los modelos...
Salvato in:
| Autore principale: | |
|---|---|
| Natura: | Libro |
| Lingua: | spagnolo |
| Pubblicazione: |
Buenos Aires, Argentina :
Astrea,
2001, c2001
|
| Serie: | (Colección Mayor. Filosofía y Derecho ;
7) |
| Soggetti: | |
| Tags: |
Nessun Tag, puoi essere il primo ad aggiungerne!!
|
MARC
| LEADER | 00000nam^a2200000^a^4500 | ||
|---|---|---|---|
| 001 | 000154629 | ||
| 005 | 20250521000000.0 | ||
| 009 | 20260310100401.415 | ||
| 020 | |a 950-508-555-9 | ||
| 037 | |a Acervo ITESO - Biblioteca | ||
| 041 | |a ESP | ||
| 082 | |a 340. |b CAT | ||
| 100 | |a Catenacci, Imerio Jorge |e (autor) | ||
| 245 | 1 | 0 | |a Introducción al derecho : |b teoría general, argumentación, razonamiento jurídico / |c I.J. Catenacci ; pról. de Gerardo Ancarola. |
| 264 | 4 | |a Buenos Aires, Argentina : |b Astrea, |c 2001, c2001 | |
| 300 | |a XL, 388 p. | ||
| 336 | |a texto |b txt |2 rdacontenido | ||
| 337 | |a sin mediación |b n |2 rdamedio | ||
| 338 | |a volumen |b nc |2 rdasoporte | ||
| 440 | 1 | |a (Colección Mayor. |p Filosofía y Derecho ; |v 7) | |
| 520 | |a Contenido: I. El derecho: La experiencia del hecho jurídico; El hombre como protagonista de la vida jurídica; El concepto de derecho; La definición de derecho; 2. La universidad y la enseñanza del derecho: La universidad; Creación de las primeras universidades; La enseñanza del derecho; Los modelos universitarios; Los desafíos del siglo XXI; Introducción al estudio del derecho; 3. El conocimiento jurídico: Grados y jerarquía del saber; Problemas del conocimiento jurídico; Filosofía del derecho y ciencias jurídicas; 4. La ética y el derecho; Principios de la ética; Derecho y moral; 5. La justicia: Los fines del derecho; La justicia como finalidad del ordenamiento jurídico; Los derechos humanos; 6. Derecho natural y derecho positivo: Derecho natural; Principales escuelas del derecho natural; El derecho natural racionalista; El resurgimiento del derecho natural; Derecho natural y derecho positivo; Doctrinas contemporáneas; 7. El ordenamiento jurídico positivo: El sistema jurídico; La validez del derecho; Caracteres del ordenamiento jurídico; La norma jurídica; Conceptos jurídicos fundamentales; 8. Aplicación del derecho: Fuentes del derecho; Aplicación de las normas jurídicas; Interpretación de las normas jurídicas; Métodos de interpretación; Aplicación del derecho en el tiempo y en el espacio; 9. Lógica jurídica y argumentación: Introducción; Argumentos incorrectos o falaces; Argumentos jurídicos; 10. Las ramas del derecho: Ordenamiento jurídico nacional e internacional; Ramas del derecho público interno; Ramas del derecho privado interno; Otras ramas del derecho público y privado; El ordenamiento jurídico internacional. | ||
| 649 | |a XX | ||
| 650 | |a Derecho - |x Teoría | ||
| 650 | |a Derecho - |x Interpretación | ||
| 650 | |a Derecho - |x Historia | ||
| 650 | |a Derecho - |x Estudio y Enseñanza | ||
| 650 | |a Derecho - |x Filosofía | ||
| 650 | |a Educación Superior - |x Historia | ||
| 650 | |a Argumentación | ||
| 650 | |a Etica Jurídica | ||
| 650 | |a Sistemas Jurídicos | ||
| 650 | |a Justicia e Injusticia | ||
| 650 | |a Derechos Humanos | ||
| 650 | |a Jusnaturalismo | ||
| 650 | |a Juspositivismo | ||
| 650 | |a Derecho Privado | ||
| 650 | |a Derecho Público | ||
| 650 | |a Derecho Positivo | ||
| 650 | |a Derecho Internacional | ||
| 910 | |a Fondo General | ||
| 920 | |a Impresos - Libros | ||
| 930 | |a Colección General | ||
| 905 | |a 101 | ||
| 901 | |a 0500086886 |b IT1 |c ACC |u 20250521 | ||
| 901 | |a 0500086883 |b IT1 |c ACC |u 20250521 | ||
| 902 | |a https://opac.biblio.iteso.mx/vufind/Record/000154629 | ||